Exploring the social impacts of flood risk and flooding in Scotland (Record no. 106917)

MARC details
000 -LEADER
fixed length control field 01194cam a22002535a 4500
001 - CONTROL NUMBER
control field L137892
008 - FIXED-LENGTH DATA ELEMENTS--GENERAL INFORMATION
fixed length control field 110623e20070501xxkbd f s 000 0 eng d
035 ## - SYSTEM CONTROL NUMBER
System control number (Sirsi) u137892
041 0# - LANGUAGE CODE
Language code of text/sound track or separate title eng
100 1# - MAIN ENTRY--PERSONAL NAME
Personal name Werritty, Alan
245 00 - TITLE STATEMENT
Title Exploring the social impacts of flood risk and flooding in Scotland
260 ## - PUBLICATION, DISTRIBUTION, ETC.
Place of publication, distribution, etc. Edinburgh
Name of publisher, distributor, etc. Scottish Executive
Date of publication, distribution, etc. 2007
490 #0 - SERIES STATEMENT
Series statement Scottish Executive Social Research
520 ## - SUMMARY, ETC.
Summary, etc. Assesses the impacts of recent floods on peoples' attitude and behaviour. Seeks to establish best practice in flood information dissemination. Reports the results of 2,085 questionnaires given to households. Reports on the impact of floods and the subsequent effect on people of those experiences. Details the management of flood risk and the responses of stakeholders such as insurers, emergency services and SEPA.
590 ## - LOCAL NOTE (RLIN)
Local note KA
651 #4 - SUBJECT ADDED ENTRY--GEOGRAPHIC NAME
Geographic name Scotland
Chronological subdivision 1999-
690 ## - LOCAL SUBJECT ADDED ENTRY--TOPICAL TERM (OCLC, RLIN)
Topical term or geographic name as entry element PROPERTY-COMMERCIAL PROPERTY
700 1# - ADDED ENTRY--PERSONAL NAME
Personal name Houston, Donald
700 1# - ADDED ENTRY--PERSONAL NAME
Personal name Ball, Tom
700 1# - ADDED ENTRY--PERSONAL NAME
Personal name Tavendale, Amy
700 1# - ADDED ENTRY--PERSONAL NAME
Personal name Black, Andrew
856 08 - ELECTRONIC LOCATION AND ACCESS
Uniform Resource Identifier <a href="https://www.scotland.gov.uk/Resource/Doc/174676/0048938.pdf">https://www.scotland.gov.uk/Resource/Doc/174676/0048938.pdf</a>
Public note View the item free of charge at www.scotland.gov.uk
942 ## - ADDED ENTRY ELEMENTS (KOHA)
Suppress in OPAC 0
Holdings
Withdrawn status Lost status Source of classification or shelving scheme Damaged status Not for loan Home library Current library Shelving location Date acquired Total Checkouts Full call number Barcode Date last seen Copy number Price effective from Koha item type
    Dewey Decimal Classification     Virtual Virtual Online 04/05/2007   ONLINE PUBLICATION 137892-1001 06/08/2019 1 06/08/2019 Book